Terrible Capital Spellings Accepted by JetPunk #2 - Statistics

General Stats
  • This quiz has been taken 5,028 times
    780 since last reset
  • The average score is 13 of 20
Answer Stats
Accepted Spelling Answer Revealed % Correct
jaruselam Jerusalem
100%
sarejavo Sarajevo
95%
ciaro Cairo
92%
talin Tallinn
90%
windhook Windhoek
79%
kartuom Khartoum
78%
tplisi Tbilisi
78%
penomphen Phnom Penh
75%
tarranna Tirana
74%
antannnnannnnarrrrevo Antananarivo
72%
mannagau Managua
69%
tagucalgolpa Tegucigalpa
67%
conarkcrkey Conakry
66%
youououande Yaoundé
61%
napetaw Naypyidaw
56%
yamoosuckcro Yamoussoukro
55%
norsooltan Astana
42%
kitinga Gitega
31%
nuhot Nouakchott
26%
basua Bissau
24%
No matching quizzes found
Score Distribution
Percent of People with Each Score
Percentile by Number Answered
Your Score History
You have not taken this quiz since the last reset